Hughes:Electrical and electronic technology (Record no. 23113)
[ view plain ]
| 000 -LEADER | |
|---|---|
| fixed length control field | 00333nam a22001337a 4500 |
| 008 - FIXED-LENGTH DATA ELEMENTS--GENERAL INFORMATION | |
| fixed length control field | 150521b xxu||||| |||| 00| 0 eng d |
| 020 ## - INTERNATIONAL STANDARD BOOK NUMBER | |
| International Standard Book Number | 8178087987 |
| 082 ## - DEWEY DECIMAL CLASSIFICATION NUMBER | |
| Classification number | 621.38SMI |
| 100 ## - MAIN ENTRY--PERSONAL NAME | |
| Personal name | Smith, I Mckenzie |
| 245 ## - TITLE STATEMENT | |
| Title | Hughes:Electrical and electronic technology |
| 250 ## - EDITION STATEMENT | |
| Edition statement | 8th Ed. |
| 260 ## - PUBLICATION, DISTRIBUTION, ETC. | |
| Place of publication, distribution, etc. | India |
| Name of publisher, distributor, etc. | Person Education |
| 942 ## - ADDED ENTRY ELEMENTS (KOHA) | |
| Koha item type | Book |
| Withdrawn status | Lost status | Damaged status | Not for loan | Collection code | Permanent Location | Current Location | Shelving location | Date acquired | Source of acquisition | Cost, normal purchase price | Total Checkouts | Full call number | Barcode | Date last seen | Price effective from | Koha item type |
|---|---|---|---|---|---|---|---|---|---|---|---|---|---|---|---|---|
| School of Interdisciplinary Engineering and Sciences (SINES) | School of Interdisciplinary Engineering and Sciences (SINES) | General Stacks | 03/01/2013 | Purchase | 466.00 | 621.3SMI | RCMS000011 | 03/01/2013 | 01/05/2017 | Book |
